000 01526nam a22004457a 4500
003 CHAP
005 20220817044125.0
008 060914b2005 it d rn 00110 spa d
010 _a92738
011 _a93710
020 _a9253052228
035 _a104290
040 _cCHAP
082 0 4 _a333.717026
_bF27 v.85
110 2 _aFAO
245 1 0 _aDerechos de propiedad intelectual sobre variedades vegetales :
_bregímenes jurídicos internacionales y opciones políticas para los gobiernos
_c/por Laurence R. Helfer
260 _aRoma :
_bFAO,
_c2005
300 _a119 p. :
_bcuadros
410 2 0 _aFAO
490 0 _aFAO. Estudio legislativo
_v; 85
590 _aBATCH-UPD
_b10
_c20130110
_lUCH01
_h0610
590 _aBATCH-UPD
_b10
_c20130110
_lUCH01
_h2337
590 _aBATCH-UPD
_b10
_c20130410
_lUCH01
_h0252
590 _aBATCH-UPD
_b10
_c20130914
_lUCH01
_h0647
590 _aCONVERSION
_b10
_c20130109
_lUCH01
_h1351
650 1 4 _aAgricultura
_xLeyes.
_91720
650 1 4 _aBiotecnología vegetal.
_912892
650 1 4 _aDerecho sobre producto cruzamiento.
_931909
650 1 4 _aLegumbres
_xVariedades.
_965795
650 1 4 _aPatentes.
_986153
650 1 4 _aPlantas
_xPatentes.
_988877
650 1 4 _aPropiedad intelectual.
_992423
650 1 4 _aRecursos vegetales.
_995337
700 0 _aHelfer, Laurence R.
_953419
810 0 _aFAO
830 0 0 _aFAO. Estudio legislativo
_v; 85
_939542
901 _aBK
942 _cLIBRO
949 _a333.717026 F27
_bBC
_cFAO
_d33724000998365
_eFAO1
_fv.85
_gDonaciØn
_h108233
_i104290
_sb
999 _c92738
_d92738